000 01042nam a22002657a 4500
008 081020t xxu||||| |||| 00| 0 eng d
010 _aENG-91390
020 _c50.00
035 _aEN-74923
037 _bDBAD / PUB
040 _adpl
_bEnglish
082 _a883.08
100 _aMugunthan, R.
245 _aPost colonial perspectives in Jim Corbett's works /
_cby R. Mugunthan
260 _aCuddalore
_bGowtham Raj Publications
_c2008
270 _a38, Old Judge Bungalow Street, Manjakkuppam,
_bCuddalore
_e607001
300 _a1iv, 75p.
_c20cm (pbk)
500 _aIncludes references
600 _aCorbett, Jim, 1875-1955.
650 _aAnglo-Indian literature
_xHistory and criticism
650 _aPostcolonialism in literature
651 _aIndia
_xDescription and post colonial perspectives.
942 _2ddc
_cEN
_mMUG
_h883.08
999 _c16920
_d16920